000
00289nam a22001337a 4500
008
170407b xxu||||| |||| 00| 0 eng d
020
_a
9780781766166
041
_a
eng
080
_2
8TH
_a
616
100
_a
9
101
_a
SHM
245
_a
PATHOPHYSIOLOGY
_c
PORTH, C.M
942
_2
udc
_c
BK
999
_c
10115
_d
10115